Flesh and bones of immunology (Record no. 31454)

MARC details
000 -LEADER
fixed length control field 00734nam a2200193 a 4500
008 - FIXED-LENGTH DATA ELEMENTS--GENERAL INFORMATION
fixed length control field 150205s2006 ||||||||||||||||| || u
020 ## - INTERNATIONAL STANDARD BOOK NUMBER
International Standard Book Number 9780723433521
050 ## - LIBRARY OF CONGRESS CALL NUMBER
Classification number QR 182.Hel
100 ## - MAIN ENTRY--PERSONAL NAME
Personal name Helbert, Matthew
245 10 - TITLE STATEMENT
Title Flesh and bones of immunology
Statement of responsibility, etc. by Matthew Helbert
260 ## - PUBLICATION, DISTRIBUTION, ETC.
Place of publication, distribution, etc. Edinburgh
Name of publisher, distributor, etc. Mosby Elsevier
Date of publication, distribution, etc. 2006
300 ## - PHYSICAL DESCRIPTION
Extent 120p.: ill.
350 ## -
-- 35.95
650 ## - SUBJECT ADDED ENTRY--TOPICAL TERM
Topical term or geographic name entry element IMMUNE SYSTEM--OUTLINES, SYLLABI
650 ## - SUBJECT ADDED ENTRY--TOPICAL TERM
Topical term or geographic name entry element IMMUNOLOGY--OUTLINES,SYLLABI--HEMATOLOGY--OUTLINES,SYLLABI
650 #3 - SUBJECT ADDED ENTRY--TOPICAL TERM
Topical term or geographic name entry element IMMUNE SYSTEM
650 #3 - SUBJECT ADDED ENTRY--TOPICAL TERM
Topical term or geographic name entry element IMMUNITY
995 ## -
-- MICHAEL CHILUFYA SATA OPEN ACCESS
-- 902533
-- CBU-SCHOOL OF MEDICINE LIBRARY (Ndola)
-- 35.95
-- QR 182.Hel
-- 1
-- AVAILABLE
-- Feb 10, 2015
-- 902533
-- Medical Library Open Access Collection
999 ## -
-- 31454
-- 31454
Holdings
Withdrawn status Lost status Source of classification or shelving scheme Damaged status Not for loan Permanent Location Current Location Shelving location Date acquired Total Checkouts Full call number Barcode Date last seen Price effective from Koha item type
          CBU-SCHOOL OF MEDICINE LIBRARY, NDOLA. CBU-SCHOOL OF MEDICINE LIBRARY, NDOLA.   11/30/2022   QR 182.Hel 902533 11/30/2022 11/30/2022 MONOGRAPH